000 00306nam a22001337a 4500
008 260420b ||||| |||| 00| 0 eng d
020 _a9789951585507
041 _aeng
080 _a078.5
100 _a32
101 _aJurdik
245 _aMedodologjia e Shkrimit Ligjor
_cKadri Bicaj
942 _2udc
_cBK
999 _c60983
_d60983